Evaluación del grano de maíz y avena en dietas para terminación de bovinos a corral : parámetros productivos /

Guardado en:
Autor Principal: Pérez Moreno, Ana Julia.
Autor Corporativo: Universidad Nacional del Sur. Departamento de Agronomía.
Otros Autores: Arelovich, Hugo M. (tutor.)
Formato: Libro
Idioma:Spanish
Publicado: Bahía Blanca, 2010.
Etiquetas: Agregar Etiqueta
Sin Etiquetas, Sea el primero en etiquetar este registro!
LEADER 00768nam a22001695a 4500
001 EEA.libagro008362
005 20170926122057.0
008 130809s2010####ag#a##########000#0#spa#d
082 0 4 |a 633.2 
100 1 |a Pérez Moreno, Ana Julia. 
245 1 0 |a Evaluación del grano de maíz y avena en dietas para terminación de bovinos a corral :  |b parámetros productivos /  |c Ana Julia Pérez Moreno. 
260 |a Bahía Blanca,  |c 2010. 
300 |a 41 h. :  |b il. ;  |c 30 cm. 
500 |a Trabajo de intensificación (Ingeniero Agrónomo) -- Universidad Nacional del Sur. Departamento de Agronomía, 2010. 
700 1 |a Arelovich, Hugo M.  |q (Hugo Mario),  |e tutor. 
710 2 |a Universidad Nacional del Sur.  |b Departamento de Agronomía. 
859 |a AR-BbBCA  |b BIB. AGRONOMIA  |h 633.2  |i P438  |p 2010/5775